Statistiques concernant Les pays insulaires

Cliquez ici pour prendre le quiz!

Statistiques générales

  • Ce quiz a été pris 266 fois
  • Le résultat moyen est 41 sur 47

Statistiques - réponses

km2pays% Correct
587,041Madagascar
98%
270,467Nouvelle-Zélande
97%
109,884Cuba
96%
1,904,569Indonésie
96%
377,930Japon
95%
316Malte
95%
103,000Irlande
94%
103,000Islande
93%
65,610Sri Lanka
93%
4033Cabo Verde
92%
9251Chypre
92%
242,900Royaume-Uni
92%
452Seychelles
92%
27,750Haïti
91%
342,353Philippines
91%
261Saint-Christophe-
et-Niévès
91%
389Saint-Vincent-et-les-
Grenadines
91%
1862Comores
90%
616Sainte-Lucie
90%
2040Île Maurice
89%
965Sao Tomé-et-Principe
89%
12,189Vanuatu
89%
300Maldives
88%
21Nauru
88%
747Tonga
88%
26Tuvalu
88%
18,272Fidji
87%
10,991Jamaïque
87%
48,671République dominicaine
87%
751Dominique
85%
181Îles Marshall
85%
2842Samoa
85%
13,943Bahamas
84%
702Micronésie
84%
430Barbade
83%
344Grenade
82%
36,193Taïwan
81%
5130Trinité-et-Tobago
81%
442Antigua-et-Barbuda
80%
459Palaos
80%
811Kiribati
79%
462,840Papouasie-Nouvelle-
Guinée
79%
28,896Salomon
78%
5765Brunei
73%
710Singapour
69%
14,874Timor oriental
65%
765Bahreïn
55%

Distribution des résultats

Percentile par nombre de réponses

% des personnes avec chaque résultat

Votre développement - résultats

Vous n’avez pas pris ce quiz